| 000 | 01147nam0a22002891 4500 | ||
|---|---|---|---|
| 001 | RU\NLR\INFOCOMM6\ROSSICA\1000356624 | ||
| 005 | 20250613191920.0 | ||
| 035 | _a(NLR Aleph) 009943789 | ||
| 090 |
_a10769462 _c10769462 |
||
| 100 | _a20030924d1891 |||y0rusy50 ca | ||
| 101 | 0 | _afre | |
| 102 | _aRU | ||
| 105 | _ay ||||000ay | ||
| 200 | 1 |
_aRevue du 1 Fèvr.1891 _eTroupes cantonnées à St.Pétersbourg et dans les villes environnantes _eCommandant en chef: son altesse impériale, le Général Aide de camp grand duc Wladimir Alexandrowitch _eChef de l'état major Son Altesse Impériale: Lieutenant-Général Bobrikoff _eLa revue sera commandée par le Général Aide de camp Manzey, commandant du corps de la garde |
|
| 210 |
_aS.Pétersbourg _d1891 |
||
| 215 | _d8° | ||
| 600 | 1 |
_aAide _cгенерал _2PSBO |
|
| 600 | 0 |
_aVladimir Aleksandrovič _cвел.кн. _f1847-1909 _2PSBO |
|
| 600 | 1 |
_aBobrikov _cлейтенант-генерал _2PSBO |
|
| 600 | 1 |
_aManzey _2PSBO |
|
| 801 | 1 |
_aRU _bInfoComm _c20030924 |
|
| 801 | 0 |
_aRU _bNLR _gPSBO |
|
| 852 |
_aNLR _j12.53.6.310 |
||
| 942 | _cBOOK | ||
| 980 | _aNB | ||
| 980 | _aRossica | ||